<?xml version="1.0" encoding="UTF-8"?>
<collection xmlns="http://www.loc.gov/MARC21/slim">
 <record>
  <leader>01636nam a22002537a 4500</leader>
  <controlfield tag="001">NCT_4_021443</controlfield>
  <controlfield tag="008">250526b        xxu||||| |||| 00| 0 vie d</controlfield>
  <datafield tag="999" ind1=" " ind2=" ">
   <subfield code="c">9045</subfield>
   <subfield code="d">9045</subfield>
  </datafield>
  <datafield tag="020" ind1=" " ind2=" ">
   <subfield code="a">9786046975458</subfield>
   <subfield code="c">11500</subfield>
  </datafield>
  <datafield tag="082" ind1="0" ind2="4">
   <subfield code="2">23rd ed.</subfield>
   <subfield code="a">895.1</subfield>
   <subfield code="b">Tr513/T.54</subfield>
  </datafield>
  <datafield tag="100" ind1="1" ind2=" ">
   <subfield code="a">La Quán Trung</subfield>
  </datafield>
  <datafield tag="245" ind1="1" ind2="0">
   <subfield code="a">Tam quốc diễn nghĩa liên hoàn hoạ :</subfield>
   <subfield code="b">Truyện tranh</subfield>
   <subfield code="n">Tập 54 :</subfield>
   <subfield code="p">Tư Mã Ý đoạt quyền</subfield>
   <subfield code="c">La Quán Trung (Nguyên tác) ; Điền Y (Lời) ; Phùng Mặc Nông (Tranh) ; Trần Đình Chiến (Dịch)</subfield>
  </datafield>
  <datafield tag="250" ind1=" " ind2=" ">
   <subfield code="a">Tái bản lần thứ 1</subfield>
  </datafield>
  <datafield tag="260" ind1=" " ind2=" ">
   <subfield code="a">H.</subfield>
   <subfield code="b">Văn học</subfield>
   <subfield code="c">2016</subfield>
  </datafield>
  <datafield tag="300" ind1=" " ind2=" ">
   <subfield code="a">116 tr.</subfield>
   <subfield code="b">Minh họa</subfield>
   <subfield code="c">16 x 12cm</subfield>
  </datafield>
  <datafield tag="500" ind1=" " ind2=" ">
   <subfield code="a">Đông A biên chỉnh theo bản Tam quốc diễn nghĩa do Phan Kế Bính dịch, Bùi Kỷ hiệu đính, Nxb. Phổ thông, 1959-1960</subfield>
  </datafield>
  <datafield tag="520" ind1="3" ind2=" ">
   <subfield code="a">Tập &quot;Tư Mã Ý đoạt quyền&quot; kể lại chuyện Tư Mã Ý sau khi bị đại tướng quân nhà Ngụy là Tào Sảng đoạt mất binh quyền đã giả bệnh khiến Sảng không nghi ngờ gì nữa. Lợi dụng lúc Tào Sảng rời khỏi kinh đô, Tư Mã Ý làm binh biến, đoạt lấy đại quyền</subfield>
  </datafield>
  <datafield tag="653" ind1=" " ind2=" ">
   <subfield code="a">Tham khảo</subfield>
  </datafield>
  <datafield tag="700" ind1="1" ind2=" ">
   <subfield code="a">Điền Y </subfield>
   <subfield code="e">Lời</subfield>
  </datafield>
  <datafield tag="700" ind1="1" ind2=" ">
   <subfield code="a">Phùng Mặc Nông</subfield>
   <subfield code="e">Tranh</subfield>
  </datafield>
  <datafield tag="700" ind1="1" ind2=" ">
   <subfield code="a">Trần Đình Chiến</subfield>
   <subfield code="e">Dịch</subfield>
  </datafield>
  <datafield tag="942" ind1=" " ind2=" ">
   <subfield code="2">ddc</subfield>
   <subfield code="c">BK</subfield>
  </datafield>
  <datafield tag="952" ind1=" " ind2=" ">
   <subfield code="0">0</subfield>
   <subfield code="1">0</subfield>
   <subfield code="2">ddc</subfield>
   <subfield code="4">0</subfield>
   <subfield code="6">895_100000000000000_TR513_T_54</subfield>
   <subfield code="7">0</subfield>
   <subfield code="9">30853</subfield>
   <subfield code="a">000001</subfield>
   <subfield code="b">000001</subfield>
   <subfield code="d">2025-05-26</subfield>
   <subfield code="o">895.1 Tr513/T.54</subfield>
   <subfield code="p">TK.05549</subfield>
   <subfield code="r">2025-05-26</subfield>
   <subfield code="v">11500.00</subfield>
   <subfield code="w">2025-05-26</subfield>
   <subfield code="y">BK</subfield>
  </datafield>
  <datafield tag="980" ind1=" " ind2=" ">
   <subfield code="a">Thư viện Trường Đại học Nam Cần Thơ</subfield>
  </datafield>
 </record>
</collection>
